Skip to main content
Your cart is empty.
Your lists
Log in to create your own lists
Your cookies
العربية
English
العربية
Home
Search
Advanced search
Authority search
About
The noble scholar, jurist, historian
His Excellency Dr. Abdul Wahhab bin Ibrahim Abu Sulaiman, may Allah have mercy on him.
He was born in Umm Al-Qura in the year 1356 AH.
Library catalog
Title
Author
Subject
ISBN
ISSN
Series
Call number
Log in to your account
×
Login:
Password:
Home
MARC view: نهاية الزين في إرشاد المبتدئين :
Normal view
MARC view
ISBD view
نهاية الزين في إرشاد المبتدئين : (Record no. 1545)
[
view plain
]
MARC details
000 -LEADER
fixed length control field
01491cam a22002891i 4500
003 - CONTROL NUMBER IDENTIFIER
control field
SA-RiAUC
005 - DATE AND TIME OF LATEST TRANSACTION
control field
20241021081602.0
008 - FIXED-LENGTH DATA ELEMENTS--GENERAL INFORMATION
fixed length control field
241019s2002 le g 000 0 ara c
040 ## - CATALOGING SOURCE
Original cataloging agency
SA-JeALM
Language of cataloging
ara
Transcribing agency
SA-RiAUC
Description conventions
rda
082 04 - DEWEY DECIMAL CLASSIFICATION NUMBER
Classification number
258.3
090 ## - LOCALLY ASSIGNED LC-TYPE CALL NUMBER (OCLC); LOCAL CALL NUMBER (RLIN)
Classification number (OCLC) (R) ; Classification number, CALL (RLIN) (NR)
258.3
Local cutter number (OCLC) ; Book number/undivided call number, CALL (RLIN)
ن و و
100 1# - MAIN ENTRY--PERSONAL NAME
Personal name
نووي الجاوي، محمد بن عمر بن عربي،
Dates associated with a name
1230-1316 هجري
Relator term
مؤلف.
245 10 - TITLE STATEMENT
Title
نهاية الزين في إرشاد المبتدئين :
Remainder of title
شرح على قرة العين بمهمات الدين في الفقه على مذهب الإمام الشافعي /
Statement of responsibility, etc.
محمد بن عمر نووي الجاوي ؛ تحقيق عبد الله محمود محمد عمر.
246 30 - VARYING FORM OF TITLE
Title proper/short title
شرح على قرة العين بمهمات الدين في الفقه على مذهب الإمام الشافعي
250 ## - EDITION STATEMENT
Edition statement
الطبعة الأولى.
264 #1 - PRODUCTION, PUBLICATION, DISTRIBUTION, MANUFACTURE, AND COPYRIGHT NOTICE
Place of production, publication, distribution, manufacture
بيروت :
Name of producer, publisher, distributor, manufacturer
دار الفكر
Date of production, publication, distribution, manufacture, or copyright notice
1995
300 ## - PHYSICAL DESCRIPTION
Extent
399 صفحة ؛
Dimensions
24 سم
336 ## - CONTENT TYPE
Content type term
نص
Content type code
txt
Source
rdacontent
Materials specified
كتاب
337 ## - MEDIA TYPE
Media type term
بدون وسيط
Media type code
n
Source
rdamedia
338 ## - CARRIER TYPE
Carrier type term
مجلد
Carrier type code
nc
Source
rdacarrier
650 #7 - SUBJECT ADDED ENTRY--TOPICAL TERM
Topical term or geographic name entry element
الفقه الشافعي
Source of heading or term
aucsh
700 1# - ADDED ENTRY--PERSONAL NAME
Personal name
عمر، عبد الله محمود محمد
Relator term
محقق.
700 12 - ADDED ENTRY--PERSONAL NAME
Personal name
المليباري، أحمد بن عبد العزيز بن زين الدين،
Dates associated with a name
توفي 987 هجري
740 02 - ADDED ENTRY--UNCONTROLLED RELATED/ANALYTICAL TITLE
Uncontrolled related/analytical title
قرة العين بمهمات الدين على مذهب الإمام الشافعي.
942 ## - ADDED ENTRY ELEMENTS (KOHA)
Source of classification or shelving scheme
Dewey Decimal Classification
Koha item type
Books
Suppress in OPAC
No
949 ## - LOCAL PROCESSING INFORMATION (OCLC)
a
SA-JeALM
d
241019
u
mohamedma123
n
1
Holdings
Withdrawn status
Lost status
Source of classification or shelving scheme
Damaged status
Not for loan
Home library
Current library
Date acquired
Total checkouts
Full call number
Barcode
Date last seen
Price effective from
Koha item type
Dewey Decimal Classification
DR AbdElwahab Library
DR AbdElwahab Library
10/21/2024
258.3 ن و و
000002225
10/21/2024
10/21/2024
Books
Place hold
Print
Add to your cart
(remove)
Save record
BIBTEX
Dublin Core
MARCXML
MARC (non-Unicode/MARC-8)
MARC (Unicode/UTF-8)
MARC (Unicode/UTF-8, Standard)
MODS (XML)
RIS
ISBD
More searches
Search for this title in:
Other Libraries (WorldCat)
Other Databases (Google Scholar)
Online Stores (Bookfinder.com)
Open Library (openlibrary.org)
Exporting to Dublin Core...
×
Simple DC-RDF
OAI-DC
SRW-DC